| 000 | 00628nam a2200229 a 4500 | ||
|---|---|---|---|
| 001 | BRCA_5487 | ||
| 005 | 20190320205112.0 | ||
| 008 | 020211s1800----nyua######---#000-0#eng-# | ||
| 041 | _aeng | ||
| 044 | _anyu | ||
| 050 | 4 |
_aND553.D2 _b.D37 1800 |
|
| 100 | 1 |
_aDaumier, Honore Victorin _d1808-1879 _97727 |
|
| 245 | 1 | 0 |
_aMarried Life _cHonore Daumier. |
| 260 |
_aNueva York _bPantheon _c1800 |
||
| 300 |
_a24 hojas _bil., 24 láminas _e2 folletos |
||
| 500 | _aE163 | ||
| 650 | 1 | 4 |
_aPintores franceses _97726 |
| 650 | 1 | 4 |
_aGrabadores franceses _914023 |
| 650 | 1 | 4 |
_aLitografĂa _zFrancia _914024 |
| 902 | _aGFM | ||
| 942 |
_2lcc _cB |
||
| 999 |
_c5181 _d5181 |
||